000 00889nac a22002297a 4500
001 BR7600964
003 BR-BrBNA
005 20240105113921.0
008 230509b bl.|||m| |||| 00| 0 por d
040 _aBR-BrBNA
_bpor
_cBiblioteca Nacional de Agricultura
072 _aD10
090 _aD10 BR7600964
110 1 _aEmpresa Brasileira de Assistencia Tecnica e Extensao Rural, Brasilia, DF
_93797
245 1 _aEstruturacao operacional, modelo, estrategia e diretrizes de trabalho [Empresa Brasileira de Assistencia Tecnica e Extensao Rural]
_bMarco geral de referencia
260 3 _aBrasilia, DF (Brasil):
_c1975.
300 _a74 p.
490 _aDocumentos - Empresa Brasileira de Assistencia Tecnica e Extensao Rural (Brazil)
_vno. 3
_x
650 _aADMINISTRACAO
650 _aINSTITUICAO AGRICOLA
909 _a202312
_bLúcia Elande
_c55
_dLúcia Elande
942 _2AGRIS
_n0
_cMS
999 _c266336
_d266336